|
|
|
|
| LEADER |
00968nam a2200253 a 4500 |
| 001 |
4223323 |
| 008 |
100216s1982 enka b 001 0 eng d |
| 010 |
|
|
|a \\\82007813
|
| 020 |
|
|
|a 0582609356 (pbk.) :
|c £3.50 (est.)
|
| 040 |
|
|
|a DLC
|c DLC
|d DLC
|d OCoLC
|d BD-DhAAL
|
| 082 |
0 |
0 |
|a 636.3/00913
|2 19
|
| 100 |
1 |
|
|a Devendra, C.
|
| 245 |
1 |
0 |
|a Goat and sheep production in the tropics /
|c C. Devendra, G.B. McLeroy.
|
| 260 |
|
|
|a London ;
|a New York :
|b Longman Group,
|c 1982.
|
| 300 |
|
|
|a xv, 271 p. :
|b ill. ;
|c 22 cm.
|
| 490 |
0 |
|
|a Intermediate tropical agriculture series
|
| 504 |
|
|
|a Includes bibliographies and index.
|
| 541 |
1 |
|
|e 00002733
|
| 650 |
|
0 |
|a Goats
|z Tropics.
|
| 650 |
|
0 |
|a Sheep
|z Tropics.
|
| 700 |
1 |
|
|a McLeroy, G. B.
|q (George B.)
|
| 852 |
4 |
|
|a Ayesha Abed Library
|j General Shelf
|
| 999 |
|
|
|c 7571
|d 7571
|
| 952 |
|
|
|0 0
|1 0
|2 ddc
|4 0
|6 636_300913000000000_DEV_1982
|7 0
|9 8216
|a BRACUL
|b BRACUL
|c GEN
|d 2010-02-16
|g 37.00
|l 0
|o 636.300913 DEV
|p 3010002733
|r 2010-02-16
|t 1
|w 2010-02-16
|y BK
|